000 00962nas a2200325 4500
001 BR0401073
003 BR-BrBNA
005 20231205104503.0
007 ta
008 230509b bl.|||p| |||| 00| 00por d
040 _aBR-BrBNA
_bpor
_cBiblioteca Nacional de Agricultura
041 _a(Pt)
072 _aL74; L70
100 1 _aDuarte, M.D.
100 1 _aPeixoto, P.V.
100 1 _aBezerra Júnior, P.S.
100 1 _aOliveira, K.D. de
100 1 _aLoretti, A.P.
100 1 _aTokarnia, C.H.
245 1 _aIntoxicação natural e experimental por amitraz em equídeos: aspectos clínicos
650 _aEQÜINO
650 _aINTOXICAÇÃO ANIMAL
650 _aPRODUTO QUÍMICO
650 _aDOSE
650 _aSINTOMA
650 _aDIAGNÓSTICO
773 0 _tPesquisa Veterinária Brasileira (Brazil)
_xISSN 0100-736X
_g(Jul-Sep 2003), v. 23(3) p. 105-118
_wBR0401073
909 _a202311
_bLúcia
_c55
_dLúcia Elande
942 _2AGRIS
_n0
_cANA
999 _c178369
_d178369